00808nam a22002177a 4500999001700000003000900017008004100026040007100067082002000138100001500158245003500173260004400208300004400252505007200296650002900368650002300397650003800420942001600458945002100474952009500495 c19618d19618AR-CdUCM190518b ||||| |||| 00| 0 spa d aMUNICIPALIDAD PROVINCIAL DEL CUSCOcBIBLIOTECA MUNICIPAL DEL CUSCO 22eda909 /bB84 aBrom, Juan aEsbozo de historia universal / aMéxico D. F :bEdit. Grijalbo,c1966. a243 páginas ;bIlustraciones,c23 cm. aContenido: El reconocimiento - La prehistoria -- La antigüedad... aHistoria universal91423 aLa historia941064 aOrganización económica930742 2ddccLIBROS adavvd2019-05-18 002ddc4070aSHbSHcCARTd2019-05-18g40.00o909 / B84pSH0000014640r2019-05-18yLIBROS